000 00772nam a22002537a 4500
003 IBSLLIB
005 20260511083707.0
008 260511b |||||||| |||| 00| 0 eng d
020 _a9781444703863
040 _aISBLLIB
_beng
041 _hEng
082 _a158.1
_bTOL
100 _aTolle , Eckhart
245 _aPractising The Power Of Now :
_bEssential teachings, meditations, and exercises from the power of now
260 _aLondon :
_bHodder and Stoughton ,
_c2001
300 _a136 p ;
_c21 cm
505 _aAccessing the power of now
505 _aRelationship as spiritual practice
505 _aAcceptance and surrender
653 _aBeing and Enlightenment
653 _aEnlightened relationship
653 _aTransforming illness
942 _cLBK
999 _c22100
_d22100